[Event "LSS WC-2010-F-00010"]
[Site "LSS email"]
[Date "2010.11.17"]
[Round "?"]
[White "Gonzalez, Miguel"]
[Black "Suarez, Rolando"]
[Result "1-0"]
[WhiteElo "1656"]
[BlackElo "1671"]
[PlyCount "79"]
[EventDate "2010.11.23"]
[EventType "tourn (corr)"]
[EventRounds "10"]
[EventCountry "GER"]
[SourceTitle "Telechess CBM 147"]
[Source "ChessBase"]
[SourceDate "2012.03.16"]
[SourceVersion "1"]
[SourceVersionDate "2012.03.16"]
[SourceQuality "1"]

1. d4 e6 2. c4 Bb4+ 3. Bd2 Qe7 4. Nf3 Nf6 5. g3 Nc6 6. Nc3 Bxc3 7. Bxc3 Ne4 8. Rc1 d6 9. d5 Nxc3 10. Rxc3 exd5 11. cxd5 Ne5 12. Nxe5 dxe5 13. Qc2 0-0 14. Rxc7 Qb4+ 15. Rc3 Bd7 16. Bg2 Rac8 17. 0-0 Rxc3 18. bxc3 Qc5 19. Rc1 b6 20. e3 Rc8 21. Be4 g6 22. Bf3 b5 23. e4 a5 24. Kg2 a4 25. Be2 b4 26. c4 Rb8 27. Qd2 b3 28. Rb1 Qa3 29. Rb2 f6 30. Qc3 Qb4 31. Qxb4 Rxb4 32. axb3 Rxb3 33. Rxb3 axb3 34. Bd3 f5 35. f3 fxe4 36. fxe4 Ba4 37. c5 Kf7 38. Kf2 Ke7 39. Ke2 h5 40. Kd2 1-0

[Event "LSS WC-2010-F-00010"]
[Site "LSS email"]
[Date "2010.11.17"]
[Round "?"]
[White "Laczay, Istvan"]
[Black "Gonzalez, Miguel"]
[Result "1-0"]
[WhiteElo "1718"]
[BlackElo "1673"]
[PlyCount "51"]
[EventDate "2010.11.23"]
[EventType "tourn (corr)"]
[EventRounds "10"]
[EventCountry "GER"]
[SourceTitle "Telechess CBM 143"]
[Source "ChessBase"]
[SourceDate "2011.07.15"]
[SourceVersion "1"]
[SourceVersionDate "2011.07.15"]
[SourceQuality "1"]

1. d4 Nf6 2. c4 g6 3. Nc3 Bg7 4. e4 d6 5. Be2 0-0 6. Nf3 c5 7. 0-0 cxd4 8. Nxd4 a6 9. Be3 Nc6 10. f4 Bd7 11. Bf3 Rc8 12. Rc1 Nxd4 13. Bxd4 Rxc4 14. b3 Rc8 15. e5 dxe5 16. fxe5 Ne8 17. Bxb7 Bb5 18. Bxc8 Bxf1 19. Bc5 Nc7 20. Qxd8 Rxd8 21. Bh3 Bb5 22. Bxe7 Ra8 23. Bf6 Bh6 24. Nxb5 Nxb5 25. Rc4 Nd6 26. exd6 1-0